000
00474nam a2200181Ia 4500
008
090124s9999 xx 000 0 und d
082
_b
117157
100
_a
केणेकर मुक्ता
245
_a
छबिना
250
_a
1
260
_c
1977
300
_a
222
600
_a
केणेकर मुक्ता
630
_a
छबिना
700
_a
केणेकर मुक्ता
730
_a
छबिना
942
_c
BOOK
999
_c
163243
_d
163243